Housebuilder supplement (Record no. 105845)

MARC details
000 -LEADER
fixed length control field 00851cab a22002535a 4500
001 - CONTROL NUMBER
control field ##L134920
008 - FIXED-LENGTH DATA ELEMENTS--GENERAL INFORMATION
fixed length control field 060911s2006 xxk f 000 0 eng d
035 ## - SYSTEM CONTROL NUMBER
System control number (Sirsi) u134920
041 0# - LANGUAGE CODE
Language code of text/sound track or separate title eng
050 04 - LIBRARY OF CONGRESS CALL NUMBER
Classification number 693.97 $2 18
100 1# - MAIN ENTRY--PERSONAL NAME
Personal name Heller, Allison
245 00 - TITLE STATEMENT
Title Housebuilder supplement
Remainder of title MMC industrial evolution
260 ## - PUBLICATION, DISTRIBUTION, ETC.
Place of publication, distribution, etc. London
Name of publisher, distributor, etc. Housebuilder
Date of publication, distribution, etc. 2006
300 ## - PHYSICAL DESCRIPTION
Extent 20p.
Dimensions 30cm.
490 #0 - SERIES STATEMENT
Series statement Housebuilder
Volume/sequential designation Supplement September 2006
520 ## - SUMMARY, ETC.
Summary, etc. Examines the benefits and problems associated with the utilisation of modern methods of construction by the housebuilding industry.
651 #4 - SUBJECT ADDED ENTRY--GEOGRAPHIC NAME
Geographic name United Kingdom
Chronological subdivision
690 ## - LOCAL SUBJECT ADDED ENTRY--TOPICAL TERM (OCLC, RLIN)
Topical term or geographic name as entry element BUILT ENVIRONMENT-CONSTRUCTION MANAGEMENT-CONSTRUCTION DESIGN AND MANAGEMENT
700 1# - ADDED ENTRY--PERSONAL NAME
Personal name Ogden, Richard
700 1# - ADDED ENTRY--PERSONAL NAME
Personal name McGeough, Kevin
700 1# - ADDED ENTRY--PERSONAL NAME
Personal name Carr, Steve
700 1# - ADDED ENTRY--PERSONAL NAME
Personal name Leech, Andrew
942 ## - ADDED ENTRY ELEMENTS (KOHA)
Suppress in OPAC 0
Holdings
Withdrawn status Lost status Source of classification or shelving scheme Damaged status Not for loan Home library Current library Shelving location Date acquired Total Checkouts Full call number Barcode Date last seen Date last checked out Copy number Price effective from Koha item type
    Dewey Decimal Classification     London London Pamphlets 11/09/2006 1 L134920 P693.97 HOU 06/08/2019 08/06/2007 1 06/08/2019 Book